Komu strzelał Cristiano Ronaldo? - Statystyki

Ogólne statystyki
  • Ten quiz został rozwiązany 659 razy
    439 od ostatniego zresetowania
  • Średni wynik to 78 z 118
Statystyki odpowiedzi
Nr gola Przeciwnik % Poprawnych
19 Polska
97%
82 | 83 | 84 Hiszpania
91%
107 Niemcy
91%
108 | 109 Francja
89%
26 Argentyna
85%
5 | 6 | 74 Rosja
85%
44 | 45 | 46 | +4 others Szwecja
82%
2 | 33 | 34 | 40 Holandia
79%
21 | 35 Czechy
78%
8 Słowacja
78%
1 Grecja
76%
90 | 91 | 92 | +4 others Litwa
76%
16 | 17 | 56 Belgia
75%
3 | 67 | 68 | +2 others Łotwa
75%
86 | 87 | 88 | +2 others Szwajcaria
75%
95 Ukraina
75%
4 | 9 | 57 | 58 Estonia
74%
110 | 111 Irlandia
74%
59 | 60 | 69 | +3 others Węgry
72%
22 Finlandia
71%
39 Chorwacja
70%
85 Maroko
69%
61 Walia
69%
24 | 30 | 51 Dania
68%
25 Islandia
68%
7 | 27 | 37 | +6 others Luksemburg
68%
89 Serbia
67%
62 | 63 | 64 | +3 others Andora
59%
80 | 81 Egipt
59%
50 | 118 Ghana
59%
31 | 32 Bośnia i Hercegowina
57%
12 Iran
53%
15 | 20 Kazachstan
52%
41 | 42 | 43 Irlandia Północna
50%
23 Korea Północna
50%
18 | 52 | 53 | +2 others Armenia
49%
10 | 11 Arabia Saudyjska
48%
104 Izrael
42%
48 | 49 Kamerun
42%
13 | 14 Azerbejdżan
40%
75 Nowa Zelandia
40%
38 Ekwador
39%
66 | 76 | 77 | 78 Wyspy Owcze
36%
28 | 29 Cypr
34%
36 Panama
33%
112 Katar
32%
Nie znaleziono quizów pasujących do podanych kryteriów
Rozkład punktacji
Procent ludzi z każdym wynikiem
Percentyl według liczby udzielonych odpowiedzi
Twoja historia wyników
Nie rozwiązałeś tego quizu od ostatniego zresetowania